[Event "Belgrade-chT2 Quality"]
[White "Vukovic, Dusan M"]
[Black "Petrovic, Miodrag"]
[Site "Belgrade"]
[Round "8.4"]
[Result "1/2-1/2"]
[Date "2022.11.05"]
[WhiteElo "2088"]
[BlackElo "2035"]
[PlyCount "61"]
[EventDate "2022.10.15"]
[EventType "team-tourn"]
[EventRounds "13"]
[EventCountry "SRB"]
[SourceTitle "EXT 2024"]
[Source "ChessBase"]
[SourceDate "2023.10.10"]
[SourceVersion "1"]
[SourceVersionDate "2023.10.10"]
[SourceQuality "1"]
[WhiteTeam "Novi Belgrade Technicka"]
[BlackTeam "Novi Belgrade Technicka"]
[WhiteTeamCountry "SRB"]
[BlackTeamCountry "SRB"]

1. Nf3 Nf6 2. g3 g6 3. Bg2 Bg7 4. d4 d6 5. c4 0-0 6. 0-0 Nbd7 7. Qc2 e5 8. dxe5 dxe5 9. Rd1 Re8 10. e4 c6 11. h3 Qc7 12. Be3 b6 13. Nc3 Ba6 14. Bf1 Rad8 15. b4 Bf8 16. Qb3 Bb7 17. Bd3 Nh5 18. Rd2 Ng7 19. Bc2 Ne6 20. Rad1 Nf6 21. a3 Rxd2 22. Rxd2 Rd8 23. Rxd8 Nxd8 24. b5 Ne6 25. bxc6 Bxc6 26. Nd5 Bxd5 27. cxd5 Nc5 28. Qc3 Bd6 29. Nd2 Qe7 30. f3 Nh5 31. Kg2 1/2-1/2

[Event "Belgrade Premier League"]
[White "Vukovic, Dusan M"]
[Black "Milin, Dragan"]
[Site "Belgrade"]
[Round "9.2"]
[Result "1-0"]
[Date "2021.10.10"]
[WhiteElo "2096"]
[BlackElo "2060"]
[PlyCount "62"]
[EventDate "2021.10.01"]
[EventType "team-tourn"]
[EventRounds "11"]
[EventCountry "SRB"]
[SourceTitle "CBM 204 Extra"]
[Source "ChessBase"]
[SourceDate "2021.11.30"]
[SourceVersion "1"]
[SourceVersionDate "2021.11.30"]
[SourceQuality "1"]
[WhiteTeam "Belgrade Tehnicka Skola"]
[BlackTeam "Belgrade Bogoslov"]
[WhiteTeamCountry "SRB"]
[BlackTeamCountry "SRB"]

1. d4 d6 2. Nf3 g6 3. g3 Bg7 4. Bg2 Nd7 5. c4 e5 6. e4 Ne7 7. 0-0 0-0 8. Nc3 Nc6 9. Bg5 f6 10. Be3 a5 11. Qd2 Re8 12. h3 Ne7 13. Rad1 exd4 14. Nxd4 Ne5 15. b3 N5c6 16. Ndb5 Be6 17. Nd5 Bxd5 18. cxd5 Nb4 19. Nd4 Qd7 20. h4 Nc8 21. Kh2 c5 22. dxc6 Nxc6 23. f4 f5 24. exf5 gxf5 25. Nc2 Rd8 26. Bf2 N6e7 27. Ne3 Ra6 28. Nd5 b5 29. Rfe1 Re8 30. Rc1 b4 31. Qd3 Rc6 1-0

[Event "Belgrade-chT Quality"]
[White "Vukovic, Dusan M"]
[Black "Mihic, Bojan"]
[Site "Belgrade"]
[Round "3.1"]
[Result "1-0"]
[Date "2019.10.12"]
[WhiteElo "2160"]
[BlackElo "2358"]
[PlyCount "111"]
[EventDate "2019.10.05"]
[EventType "team-tourn"]
[EventRounds "11"]
[EventCountry "SRB"]
[SourceTitle "EXT 2022"]
[Source "ChessBase"]
[SourceDate "2021.10.06"]
[SourceVersion "1"]
[SourceVersionDate "2021.10.06"]
[SourceQuality "1"]
[WhiteTeam "Belgrade Tehnicka Skola"]
[BlackTeam "Belgrade Politika"]
[WhiteTeamCountry "SRB"]
[BlackTeamCountry "SRB"]

1. Nf3 d5 2. d4 c5 3. g3 Nc6 4. Bg2 Nf6 5. 0-0 Bg4 6. Ne5 cxd4 7. Nxg4 Nxg4 8. e3 Nf6 9. exd4 e6 10. c4 dxc4 11. Bxc6+ bxc6 12. Qa4 Qd7 13. Qxc4 Be7 14. Nc3 0-0 15. Rd1 Rfd8 16. a3 Nd5 17. Ne4 h6 18. Qc2 a5 19. b3 Qb7 20. Rd3 f5 21. Nd2 Rac8 22. Nc4 c5 23. Bd2 cxd4 24. Bxa5 Re8 25. Qe2 Qa6 26. Bb6 Bc5 27. Bxc5 Rxc5 28. Rxd4 e5 29. Rd2 e4 30. Qh5 Qe6 31. Rad1 Rb8 32. b4 Rxc4 33. Rxd5 Rf8 34. Rd6 Qe5 35. Rd8 Rxd8 36. Rxd8+ Kh7 37. Qe8 Rc1+ 38. Kg2 Qf6 39. Qg8+ Kg6 40. Re8 Rc6 41. b5 Rb6 42. Qd5 Rd6 43. Qe5 Qxe5 44. Rxe5 Rd2 45. Kf1 Ra2 46. b6 Rb2 47. Re6+ Kg5 48. h3 f4 49. Rxe4 Rxb6 50. Rxf4 Rb3 51. a4 Ra3 52. Ke2 Kh5 53. h4 g5 54. hxg5 hxg5 55. Rd4 g4 56. Rf4 1-0

[Event "Belgrade-chT Quality"]
[White "Vukovic, Dusan M"]
[Black "Mijatovic, Dusan"]
[Site "Belgrade"]
[Round "1.1"]
[Result "0-1"]
[Date "2019.10.05"]
[WhiteElo "2160"]
[BlackElo "2157"]
[PlyCount "72"]
[EventDate "2019.10.05"]
[EventType "team-tourn"]
[EventRounds "11"]
[EventCountry "SRB"]
[SourceTitle "EXT 2022"]
[Source "ChessBase"]
[SourceDate "2021.10.06"]
[SourceVersion "1"]
[SourceVersionDate "2021.10.06"]
[SourceQuality "1"]
[WhiteTeam "Belgrade Tehnicka Skola"]
[BlackTeam "Bogoslov"]
[WhiteTeamCountry "SRB"]
[BlackTeamCountry "SRB"]

1. Nf3 Nf6 2. g3 g6 3. Bg2 Bg7 4. 0-0 0-0 5. d4 c6 6. c4 d5 7. b3 a5 8. a4 Bf5 9. Bb2 Na6 10. Nbd2 Nb4 11. Rc1 Na2 12. Ra1 Nb4 13. Rc1 Qb6 14. Nh4 Be6 15. c5 Qc7 16. h3 Rad8 17. f4 Ne4 18. Qe1 b6 19. f5 Bc8 20. Nxe4 dxe4 21. Bxe4 bxc5 22. e3 cxd4 23. Bxd4 Bxd4 24. exd4 Rxd4 25. fxg6 hxg6 26. Rf3 Rdd8 27. Kh2 Ba6 28. Rf2 Bd3 29. Rc3 Qb6 30. Rg2 Bxe4 31. Qxe4 Nd5 32. Rd3 Nf6 33. Qc4 Rxd3 34. Qxd3 Rd8 35. Qc4 Rd5 36. Re2 e6 0-1

[Event "Belgrade-chT"]
[White "Vukovic, Dusan M"]
[Black "Jovanovic, Sasa T"]
[Site "Belgrade"]
[Round "1"]
[Result "0-1"]
[Date "2018.05.07"]
[WhiteElo "2189"]
[BlackElo "2229"]
[PlyCount "108"]
[EventDate "2018.05.07"]
[EventType "team-swiss"]
[EventRounds "5"]
[EventCountry "SRB"]
[SourceTitle "CBM 184 Extra"]
[Source "ChessBase"]
[SourceDate "2018.06.28"]
[SourceVersion "1"]
[SourceVersionDate "2018.06.28"]
[SourceQuality "1"]
[WhiteTeam "Belgrade Tehnicka Skola"]
[BlackTeam "Belgrade CC"]
[WhiteTeamCountry "SRB"]
[BlackTeamCountry "SRB"]

1. Nf3 d5 2. g3 Nf6 3. Bg2 c5 4. 0-0 Nc6 5. d4 e6 6. c4 dxc4 7. Qa4 Bd7 8. Qxc4 b5 9. Qd3 Rc8 10. a3 Nxd4 11. Nxd4 cxd4 12. Qxd4 Bc5 13. Qf4 0-0 14. Nc3 Qb6 15. e4 e5 16. Qf3 Bg4 17. Qd3 Rfd8 18. Nd5 Nxd5 19. exd5 f5 20. b4 Bd4 21. Be3 Bxe3 22. fxe3 e4 23. Qb3 g6 24. Rae1 Rc4 25. h3 Bh5 26. Rf4 Rdc8 27. d6 Qxd6 28. g4 fxg4 29. hxg4 g5 30. Rf5 Bg6 31. Rd1 Qxd1+ 32. Qxd1 Rc1 33. Rd5 Rxd1+ 34. Rxd1 Rc3 35. Kf2 Rxa3 36. Rd4 Ra4 37. Bxe4 Bxe4 38. Rxe4 a5 39. Re8+ Kf7 40. Ra8 axb4 41. Rb8 Ra5 42. Ke2 Ra2+ 43. Kd3 Rg2 44. Rb7+ Ke6 45. Rxh7 Kd6 46. Kd4 Rd2+ 47. Ke4 b3 48. Kf5 Rd5+ 49. Kf6 Re5 50. Rh3 b2 51. Rh1 Rxe3 52. Kxg5 Kd5 53. Kf4 Kd4 54. g5 Re8 0-1

[Event "Belgrade-chT"]
[White "Velickovic, Sasa"]
[Black "Vukovic, Dusan M"]
[Site "Belgrade"]
[Round "12.1"]
[Result "1/2-1/2"]
[Date "2016.10.21"]
[WhiteElo "2352"]
[BlackElo "2156"]
[PlyCount "105"]
[EventDate "2016.10.08"]
[EventType "team-tourn"]
[EventRounds "13"]
[EventCountry "SRB"]
[SourceTitle "CBM 175 Extra"]
[Source "ChessBase"]
[SourceDate "2016.12.12"]
[SourceVersion "1"]
[SourceVersionDate "2016.12.12"]
[SourceQuality "1"]
[WhiteTeam "Crvena Zvezda"]
[BlackTeam "Post Stedionica"]
[WhiteTeamCountry "SRB"]
[BlackTeamCountry "SRB"]

1. e4 e6 2. Qe2 c5 3. Nf3 Nc6 4. g3 Bd6 5. Bg2 Nge7 6. 0-0 0-0 7. c3 Bc7 8. Na3 d5 9. d3 b6 10. Nb5 Bb8 11. Bd2 a6 12. Na3 Bb7 13. Nc2 a5 14. Rfd1 a4 15. Be3 Ra7 16. Qe1 f6 17. Rab1 Bc8 18. b3 axb3 19. axb3 Ra2 20. Na1 d4 21. cxd4 cxd4 22. Bd2 Ba6 23. Bf1 e5 24. Rdc1 Bd6 25. Nc2 Bb5 26. Qd1 Qd7 27. Nfe1 Qe6 28. Qh5 Qf7 29. Qg4 f5 30. exf5 Nxf5 31. Qf3 Nce7 32. Bg2 Bc6 33. Qe2 Bxg2 34. Kxg2 Nd5 35. Ra1 Rxa1 36. Rxa1 Nf6 37. b4 Qd5+ 38. Kg1 e4 39. dxe4 Qxe4 40. Qxe4 Nxe4 41. Rd1 Rc8 42. f3 Nxd2 43. Rxd2 Be5 44. f4 Bd6 45. Nxd4 Bxb4 46. Nxf5 Rc1 47. Rd7 Rxe1+ 48. Kf2 g6 49. Nh6+ Kh8 50. Nf7+ Kg7 51. Ne5+ Kg8 52. Rd8+ Kg7 53. Rd7+ 1/2-1/2

[Event "Belgrade-chT"]
[White "Ivic, Velimir"]
[Black "Vukovic, Dusan M"]
[Site "Belgrade"]
[Round "10.2"]
[Result "1/2-1/2"]
[Date "2016.10.18"]
[WhiteElo "2264"]
[BlackElo "2156"]
[PlyCount "72"]
[EventDate "2016.10.08"]
[EventType "team-tourn"]
[EventRounds "13"]
[EventCountry "SRB"]
[SourceTitle "CBM 175 Extra"]
[Source "ChessBase"]
[SourceDate "2016.12.12"]
[SourceVersion "1"]
[SourceVersionDate "2016.12.12"]
[SourceQuality "1"]
[WhiteTeam "Delfin"]
[BlackTeam "Post Stedionica"]
[WhiteTeamCountry "SRB"]
[BlackTeamCountry "SRB"]

1. e4 e6 2. d4 d5 3. Nd2 h6 4. Ngf3 Nf6 5. e5 Nfd7 6. c4 dxc4 7. Nxc4 Nb6 8. Nxb6 axb6 9. Bd3 Bd7 10. 0-0 Bc6 11. Be3 b5 12. Nd2 Na6 13. a3 Nc5 14. Be2 Na4 15. Qc2 Nb6 16. Nb3 Qd5 17. Bf3 Qc4 18. Bxc6+ bxc6 19. Qd1 Na4 20. Nd2 Qd5 21. Qc2 Be7 22. Rfc1 Nb6 23. Qxc6+ Qxc6 24. Rxc6 Kd7 25. Rcc1 Ra4 26. Ne4 Nd5 27. Nc3 Nxc3 28. Rxc3 c6 29. Rac1 Ra6 30. b4 Rha8 31. Kf1 Rxa3 32. Rxc6 Ra1 33. Rc7+ Kd8 34. Bd2 R8a2 35. Be1 Rxc1 36. Rxc1 Rb2 1/2-1/2

[Event "Belgrade-chT"]
[White "Pucarevic, Milenko"]
[Black "Vukovic, Dusan M"]
[Site "Belgrade"]
[Round "7.5"]
[Result "1/2-1/2"]
[Date "2016.10.15"]
[WhiteElo "2176"]
[BlackElo "2156"]
[PlyCount "113"]
[EventDate "2016.10.08"]
[EventType "team-tourn"]
[EventRounds "13"]
[EventCountry "SRB"]
[SourceTitle "CBM 175 Extra"]
[Source "ChessBase"]
[SourceDate "2016.12.12"]
[SourceVersion "1"]
[SourceVersionDate "2016.12.12"]
[SourceQuality "1"]
[WhiteTeam "Romanticari"]
[BlackTeam "Post Stedionica"]
[WhiteTeamCountry "SRB"]
[BlackTeamCountry "SRB"]

1. Nf3 e6 2. g3 c5 3. Bg2 d5 4. 0-0 Nc6 5. d3 Bd6 6. Nbd2 Nge7 7. e4 0-0 8. Re1 f6 9. c3 b5 10. a3 a5 11. d4 cxd4 12. Nxd4 Nxd4 13. cxd4 Kh8 14. Qh5 Rb8 15. exd5 g6 16. Qd1 exd5 17. Nf1 Nf5 18. Be3 a4 19. Rc1 Re8 20. b4 axb3 21. Qxb3 Qa5 22. Bd2 Qd8 23. Rxe8+ Qxe8 24. Re1 Qf8 25. Bc1 Bb7 26. Qd3 Ba8 27. Bh3 Ne7 28. Re6 Ng8 29. Qe3 Bc6 30. Bg2 Bd7 31. Bxd5 Bxe6 32. Bxe6 Qe7 33. h4 Ra8 34. d5 Bxa3 35. Bxa3 Qxa3 36. Qb6 Qa6 37. Qc5 Rd8 38. Ne3 Qd6 39. Qxb5 Rb8 40. Qd3 Qe5 41. Kg2 Rd8 42. Qc4 f5 43. Bxg8 Rxg8 44. Kh2 Rd8 45. Qc2 f4 46. gxf4 Qxf4+ 47. Kg2 Qxh4 48. Qc3+ Kg8 49. Qe5 Rf8 50. Qe6+ Kg7 51. Ng4 h5 52. Qe5+ Kh7 53. Qc7+ Kg8 54. Nh6+ Kh8 55. Nf7+ Kg7 56. Ng5+ Kh6 57. Nf7+ 1/2-1/2

[Event "Belgrade-chT"]
[White "Vukovic, Dusan M"]
[Black "Milin, Dragan"]
[Site "Belgrade"]
[Round "5.4"]
[Result "1-0"]
[Date "2016.10.12"]
[WhiteElo "2156"]
[BlackElo "2066"]
[PlyCount "150"]
[EventDate "2016.10.08"]
[EventType "team-tourn"]
[EventRounds "13"]
[EventCountry "SRB"]
[SourceTitle "EXT 2017"]
[Source "ChessBase"]
[SourceDate "2016.10.25"]
[SourceVersion "1"]
[SourceVersionDate "2016.10.25"]
[SourceQuality "1"]
[WhiteTeam "Post Stedionica"]
[BlackTeam "Bogoslov"]
[WhiteTeamCountry "SRB"]
[BlackTeamCountry "SRB"]

1. Nf3 d5 2. g3 e6 3. Bg2 Nf6 4. d4 Nbd7 5. 0-0 c5 6. c4 b6 7. Nc3 Bb7 8. dxc5 Bxc5 9. Nd2 Ne5 10. cxd5 Nxd5 11. Nxd5 Bxd5 12. Ne4 Be7 13. Bf4 Ng6 14. Qa4+ Qd7 15. Qxd7+ Kxd7 16. Rfd1 Nxf4 17. gxf4 Kc6 18. Rac1+ Kb7 19. Nc3 Rac8 20. Nxd5 exd5 21. Bxd5+ Kb8 22. Bxf7 Rxc1 23. Rxc1 Rf8 24. Bc4 Rxf4 25. Ba6 Rf8 26. e3 Rd8 27. Rc4 Bd6 28. Kg2 Bc7 29. Re4 Bd6 30. Rc4 Bc7 31. b4 Rd5 32. a4 Rg5+ 33. Kf3 Rf5+ 34. Ke2 Rd5 35. h4 g6 36. Kf3 Rf5+ 37. Kg2 Rd5 38. Re4 Bd8 39. Be2 Kc7 40. Rf4 Re5 41. Rf7+ Re7 42. Rf4 a5 43. Rc4+ Kd6 44. Rd4+ Kc7 45. Bg4 axb4 46. Rxb4 Re5 47. Rc4+ Kd6 48. Bf3 Rc5 49. Rd4+ Ke7 50. Bg4 h5 51. Be2 Rc6 52. Bb5 Rd6 53. Rxd6 Kxd6 54. Be8 Bxh4 55. Bxg6 Kc5 56. Bxh5 b5 57. axb5 Kxb5 58. f4 Kc4 59. Kh3 Be1 60. Kg4 Kd5 61. Kf5 Kd6 62. e4 Ke7 63. Bd1 Bd2 64. Bb3 Bc1 65. Ke5 Bd2 66. Kf5 Bc1 67. e5 Bd2 68. Ke4 Be1 69. f5 Bh4 70. Kf4 Be1 71. f6+ Kf8 72. Kf5 Bb4 73. Ba4 Ba3 74. e6 Bb4 75. Ke4 Ba3 1-0

[Event "Belgrade-chT Quality"]
[White "Vukovic, Dusan M"]
[Black "Stancic, Lazar"]
[Site "Belgrade"]
[Round "11.4"]
[Result "1-0"]
[Date "2015.11.05"]
[WhiteElo "2155"]
[BlackElo "1962"]
[PlyCount "89"]
[EventDate "2015.10.03"]
[EventType "team-tourn"]
[EventRounds "11"]
[EventCountry "SRB"]
[SourceTitle "EXT 2018"]
[Source "ChessBase"]
[SourceDate "2017.10.13"]
[SourceVersion "1"]
[SourceVersionDate "2017.10.13"]
[SourceQuality "1"]

1. Nf3 d5 2. d4 Nf6 3. c4 e6 4. g3 c6 5. Qc2 Nbd7 6. Bg2 Bd6 7. 0-0 0-0 8. Bf4 Bxf4 9. gxf4 Ne4 10. e3 f5 11. Kh1 Ndf6 12. Nc3 Ng4 13. Ne5 h5 14. Nxg4 hxg4 15. f3 gxf3 16. Bxf3 Qh4 17. Qg2 Bd7 18. Nxe4 fxe4 19. Rg1 Qh6 20. Bg4 Rf6 21. Qe2 Qh4 22. Rg3 Rh6 23. Rag1 Rh7 24. Bh5 Be8 25. Bg4 Bd7 26. Qg2 Qf6 27. cxd5 cxd5 28. Bh5 Be8 29. Bg6 Bxg6 30. Rxg6 Qf7 31. Qg5 Rc8 32. Qg2 Rc7 33. h3 Qf5 34. Rg3 Kf8 35. Kh2 Qf6 36. Qd2 Qe7 37. R1g2 Qf6 38. Qe2 Qe7 39. Rg5 Qf6 40. Qf2 a6 41. Qg3 Rc1 42. Rf2 Qh6 43. f5 e5 44. dxe5 Qh4 45. Rxg7 1-0

[Event "Belgrade-chT"]
[White "Dakic, Dejan"]
[Black "Vukovic, Dusan M"]
[Site "Belgrade"]
[Round "1"]
[Result "0-1"]
[Date "2014.10.04"]
[WhiteElo "2031"]
[BlackElo "2204"]
[PlyCount "57"]
[EventDate "2014.10.04"]
[EventType "team-tourn"]
[EventRounds "13"]
[EventCountry "SRB"]
[SourceTitle "EXT 2015"]
[Source "ChessBase"]
[SourceDate "2014.11.20"]
[SourceVersion "1"]
[SourceVersionDate "2014.11.20"]
[SourceQuality "1"]

1. e4 e6 2. d4 d5 3. e5 c5 4. dxc5 Nc6 5. Nf3 Bxc5 6. Bd3 f6 7. Qe2 fxe5 8. Nxe5 Qf6 9. Bb5 Nge7 10. Ng4 Qf7 11. Ne5 Qf5 12. Nd2 0-0 13. Ndf3 Nxe5 14. Qxe5 Bxf2+ 15. Kd1 Qxe5 16. Nxe5 a6 17. Bg5 Bc5 18. Nd7 axb5 19. Nxc5 Nc6 20. Re1 e5 21. a3 b6 22. Nb3 Bf5 23. Be3 Nb4 24. Re2 d4 25. Bg1 d3 26. cxd3 Bxd3 27. Rf2 Rxf2 28. Bxf2 Bc2+ 29. Kd2 0-1

[Event "Belgrade-chT Quality"]
[White "Vukovic, Dusan M"]
[Black "Starcevic, Goran"]
[Site "Belgrade"]
[Round "6"]
[Result "1-0"]
[Date "2011.10.30"]
[WhiteElo "2238"]
[BlackElo "2148"]
[PlyCount "27"]
[EventDate "2011.10.15"]
[EventType "team-swiss"]
[EventRounds "11"]
[EventCountry "SRB"]
[SourceTitle "EXT 2012"]
[Source "ChessBase"]
[SourceDate "2011.11.24"]
[SourceVersion "1"]
[SourceVersionDate "2011.11.24"]
[SourceQuality "1"]

1. Nf3 Nf6 2. d4 g6 3. g3 Bg7 4. Bg2 0-0 5. c4 c5 6. Nc3 cxd4 7. Nxd4 Nc6 8. 0-0 Qb6 9. Nc2 d6 10. h3 Bd7 11. e4 Rac8 12. b3 Ng4 13. Ne3 e6 14. Bb2 1-0

[Event "Belgrade-chT Quality"]
[White "Vukovic, Dusan M"]
[Black "Kovacic, Misa"]
[Site "Belgrade"]
[Round "2"]
[Result "0-1"]
[Date "2011.10.16"]
[WhiteElo "2238"]
[BlackElo "2122"]
[PlyCount "102"]
[EventDate "2011.10.15"]
[EventType "team-swiss"]
[EventRounds "11"]
[EventCountry "SRB"]
[SourceTitle "EXT 2012"]
[Source "ChessBase"]
[SourceDate "2011.11.24"]
[SourceVersion "1"]
[SourceVersionDate "2011.11.24"]
[SourceQuality "1"]

1. Nf3 Nf6 2. g3 g6 3. Bg2 Bg7 4. c4 0-0 5. 0-0 c5 6. Nc3 Nc6 7. d4 cxd4 8. Nxd4 Nxd4 9. Qxd4 d6 10. Qh4 Qc7 11. b3 Bd7 12. Bb2 Rac8 13. Rfc1 a6 14. Nd5 Nxd5 15. cxd5 Qd8 16. Bxg7 Kxg7 17. Qd4+ Kg8 18. Qa7 Rc7 19. h4 Qc8 20. Qe3 Bf5 21. Rxc7 Qxc7 22. Rc1 Qd7 23. Qg5 Qd8 24. e4 Bd7 25. h5 f6 26. Qh6 g5 27. Kh2 Qb6 28. f4 gxf4 29. Qxf4 Rc8 30. Rxc8+ Bxc8 31. Qd2 Qc5 32. Bf3 a5 33. Kg2 b6 34. h6 Bd7 35. Bh5 Qc8 36. Qe2 Kh8 37. Kh2 Kg8 38. a3 Qc1 39. Bg4 Qxh6+ 40. Kg2 Bxg4 41. Qxg4+ Qg5 42. Qc8+ Kf7 43. Qe6+ Kf8 44. Qc8+ Kg7 45. Qc7 Qe5 46. Kf3 f5 47. exf5 Qxf5+ 48. Ke3 Qe5+ 49. Kf2 Qxd5 50. Qxb6 Qc5+ 51. Qxc5 dxc5 0-1

[Event "Belgrade-chT Quality"]
[White "Stanic, Aleksandar"]
[Black "Vukovic, Dusan M"]
[Site "Belgrade"]
[Round "1"]
[Result "1/2-1/2"]
[Date "2011.10.15"]
[WhiteElo "2171"]
[BlackElo "2238"]
[PlyCount "32"]
[EventDate "2011.10.15"]
[EventType "team-swiss"]
[EventRounds "11"]
[EventCountry "SRB"]
[SourceTitle "EXT 2012"]
[Source "ChessBase"]
[SourceDate "2011.11.24"]
[SourceVersion "1"]
[SourceVersionDate "2011.11.24"]
[SourceQuality "1"]

1. d4 e6 2. Nf3 Nf6 3. Bg5 c5 4. e3 Qb6 5. Nbd2 d5 6. Rb1 Nc6 7. c3 Bd7 8. Bd3 cxd4 9. exd4 h6 10. 0-0 a5 11. Re1 Qc7 12. Nf1 0-0-0 13. a3 Kb8 14. b4 Rc8 15. Bd2 Na7 16. b5 b6 1/2-1/2